কোপবতী / (Record no. 64995)
[ view plain ]
| 000 -LEADER | |
|---|---|
| fixed length control field | 00898nam a2200241 a 4500 |
| 001 - CONTROL NUMBER | |
| control field | 64995 |
| 003 - CONTROL NUMBER IDENTIFIER | |
| rucl marc code | BD-RjUL |
| 005 - DATE AND TIME OF LATEST TRANSACTION | |
| control field | 20211209081357.0 |
| 008 - FIXED-LENGTH DATA ELEMENTS--GENERAL INFORMATION | |
| fixed length control field | 170226s1946 ii |||| |||| 000 0 ben d |
| 020 ## - INTERNATIONAL STANDARD BOOK NUMBER | |
| Terms of availability | : Tk. 3.00 |
| 035 ## - SYSTEM CONTROL NUMBER | |
| System control number | (BD-RjUL)65125 |
| 040 ## - CATALOGING SOURCE | |
| Original cataloging agency | BD-RjUL |
| Language of cataloging | ben |
| Transcribing agency | BD-RjUL |
| Modifying agency | BD-RjUL |
| 041 ## - LANGUAGE CODE | |
| Language code of text/sound track or separate title | ben |
| 082 ## - DEWEY DECIMAL CLASSIFICATION NUMBER | |
| Edition number | 23 |
| Classification number | 891.443 |
| Author mark and year | BIK 1946 |
| 100 1# - MAIN ENTRY--PERSONAL NAME | |
| Personal name | বিশী, প্রমথনাথ |
| 9 (RLIN) | 188907 |
| 245 1# - TITLE STATEMENT | |
| Title | কোপবতী / |
| Statement of responsibility, etc. | প্রমথনাথ বিশী |
| 250 ## - EDITION STATEMENT | |
| Edition statement | ২য় সং. |
| 260 ## - PUBLICATION, DISTRIBUTION, ETC. (IMPRINT) | |
| Place of publication, distribution, etc. | কলিকাতা : |
| Name of publisher, distributor, etc. | জেনারেল প্রিন্টার্স য়্যান্ড পারিসার্স লিমিটেড ; |
| Date of publication, distribution, etc. | ১৯৪৬ [১৩৫৩] |
| 300 ## - PHYSICAL DESCRIPTION | |
| Pagination | ২২৯ পৃ. ; |
| Size | ১৭ সেমি. |
| 650 ## - SUBJECT ADDED ENTRY--TOPICAL TERM | |
| Topical term or geographic name as entry element | বাংলা উপন্যাস |
| 9 (RLIN) | 184342 |
| Topical term or geographic name as entry element | Bengali Fiction |
| 9 (RLIN) | 170455 |
| 942 ## - ADDED ENTRY ELEMENTS (KOHA) | |
| Source of classification or shelving scheme | Dewey Decimal Classification |
| Koha item type | Books |
| Lost status | Source of classification or shelving scheme | Damaged status | Not for loan | Collection code | Permanent Location | Current Location | Shelving location | Date acquired | Source of acquisition | Cost, normal purchase price | Total Checkouts | Full call number | Date last seen | Copy number | Koha item type |
|---|---|---|---|---|---|---|---|---|---|---|---|---|---|---|---|
| Dewey Decimal Classification | Not For Loan | Fiction | Central Library, University of Rajshahi | Central Library, University of Rajshahi | Reading Room | 06/10/1959 | Provisicial Library, Dhaka | 3.00 | B 891.443 BIK 1946 | 26/02/2017 | C-1 | Books |